Nom des Toupies avec Images - Beyblade Metal Fury - Statistiques

Statistiques générales
  • Ce quiz a été pris 15 fois
  • Le résultat moyen est 17 sur 27
Statistiques - réponses
Par images Réponse % Correct
Fang Leone
100%
Dark Bull
92%
Flame Sagittario
92%
Cosmic Pegasus
85%
Flame Libra
85%
L-Drago Destructor
85%
Earth Eagle
77%
Mercury Anubius
77%
Variares
77%
Blitz Striker
69%
Diablo Nemesis
69%
Flash Sagittario
69%
Jade Jupiter
69%
Phantom Orion
69%
Spiral Fox
69%
Spiral Lyra
69%
Beat Lynx
62%
Death Quetzalcoatl
62%
Scythe Kronos
54%
Hades Crown
46%
Omega Dragonis
46%
Proto Nemesis
46%
Fusion Hades
38%
Kreis Cygnus
23%
Duo Uranus
15%
Forbidden Ionis
8%
Bakushin Beelzeb
0%
Aucun quiz correspondant
Distribution des résultats
% des personnes avec chaque résultat
Percentile par nombre de réponses
Votre historique - résultats
Vous n’avez pas pris ce quiz